000 00613nam a22001697a 4500
008 160808b xxu||||| |||| 00| 0 eng d
020 _a0072972807
050 _aGV 341.W85 2006
100 _aWuest, Deborah A.
_d2006
245 _aFoundations of physical education, exercise and sport/
_cDeborah A.Wuest and Charles A.Bucher
250 _a15th ed.
260 _aBoston;
_bMcGrawHill,
_c2006.
300 _axv,583 p. :ill.
_bIncludes bibliographical references and index.
650 _aPhysical education and training.
700 _aBucher, Charles A.
942 _2lcc
_cBOOKS
_hGV 341.W85 2006
999 _c12806
_d12806